|
|
|
|
| LEADER |
00000cam a2200000 7i4500 |
| 001 |
0000019374 |
| 005 |
20080618.0 |
| 008 |
080616 |
| 020 |
|
|
|a 981052966x
|
| 090 |
0 |
0 |
|a 769.569595
|b REM
|
| 245 |
1 |
0 |
|a Reminiscences of the straits settlements through postcards
|c Lee Geok Boi, Ed
|
| 260 |
|
|
|a Kuala Lumpur :
|b National Archives of Malaysia ,
|c 2005
|
| 500 |
|
|
|a Include index
|
| 504 |
|
|
|a Includes bibliographical references
|
| 650 |
|
0 |
|a Postcards
|x Straits settlements
|x History
|y 20th century
|
| 650 |
|
0 |
|a Straits settlements
|x history
|y 20th century
|x Pictorial works
|
| 700 |
1 |
|
|a Boi, Lee Geok, Ed
|
| 710 |
1 |
|
|a National Archives. Malaysia
|
| 710 |
1 |
|
|a National Archives. Singapore
|
| 999 |
|
|
|a 0001025486
|b Book
|c Adult Collection
|e Perbadanan Perpustakaan Awam Johor
|
| 999 |
|
|
|a 0001442220
|b Book
|c Adult Collection
|e Cawangan Tmn. Ungku Tun Aminah
|
| 999 |
|
|
|a 0001648319
|b Book
|c REFERENCE
|e Cawangan Segamat
|